| 000 | 00629nam a2200181Ia 4500 | ||
|---|---|---|---|
| 008 | 151202s9999||||xx |||||||||||||| ||und|| | ||
| 082 | _bPNVM-66654 | ||
| 100 | _aमुळे ज्ञानेश्वर. | ||
| 245 | _aनोकरशाहीचे रंग. | ||
| 260 | _b"साधना प्रकाशन, पुणे." | ||
| 260 | _c2009 | ||
| 300 | _a286 | ||
| 600 | _aमुळे ज्ञानेश्वर. | ||
| 630 | _aनोकरशाहीचे रंग. | ||
| 700 | _aमुळे ज्ञानेश्वर. | ||
| 730 | _aनोकरशाहीचे रंग. | ||
| 942 | _cBOOK | ||
| 999 |
_c1333186 _d1333183 |
||